Dąbrowa Górnicza - quiz wielokrotnego wyboru - Statystyki

Ogólne statystyki
  • Ten quiz został rozwiązany 37 razy
  • Średni wynik to 7 z 10
Statystyki odpowiedzi
Zagadnienie Odpowiedź % Poprawnych
Jak nazywa się dzielnica miasta, która w latach 1962-1975 była samodzielnym miastem? Ząbkowice
90%
Jak nazywa się kombinat metalurgiczny w Dąbrowie Górniczej zajmujący się hutnictwem żelaża Huta Katowice
87%
Jak nazywa się pałac w Dąbrowie Górniczej wybudowany po 1950 roku? Pałac Kultury Zagłębia
84%
Który z tych obiektów naturalnych znajduje się nieopodal Dąbrowy Górniczej? Pustynia Błędowska
84%
Jaka droga ekspresowa przebiega przez miasto? S1
81%
Która z tych byłych dzielnic miasta została włączona do Sosnowca? Kazimierz Górniczy
65%
Jaki przedmiot znajduję się na herbie miasta? Młot
61%
Jak nazywa się największy zbiornik w Dąbrowie Górniczej? Zbiornik Kuźnica Warężyńska
52%
W którym roku Dąbrowa Górnicza otrzymała prawa miejskie? 1916
45%
Jaka historyczna linia kolejowa przebiega przez miasto? Kolej Warszawsko-Wiedeńska
35%
Nie znaleziono quizów pasujących do podanych kryteriów
Rozkład punktacji
Procent ludzi z każdym wynikiem
Percentyl według liczby udzielonych odpowiedzi
Twoja historia wyników
Nie rozwiązałeś tego quizu